00910 2200313 4500001002100000005001500021035002500036008004100061020002200102040001700124082001400141084001600155090002000171090002200191100002700213245006800240250003400308260003600342300004300378504003300421651002500454850001200479007000300491999002200494990001800516990002200534990002200556990001800578INLIS00000000003464520191107104315 a0010-031800000000588180308s2017 yoia g | ind d a978-602-453-337-3 aYOPDYOGbind04223a959.8 a959.8 JOK s aDEP 959.8 JOK s aCB-D.11 2017-18260 aJOKO DARMAWAN ,d1956-10aSejarah nasional :bketika nusantara berbicara /cJoko Darmawan aCetakan pertama: Oktober 20173 aYogyakarta :bDeepublish,c2017 axiv, 150 halaman :bilustrasi ;c23 cm aBibliografi: halaman 145-148 4aIndonesia--xSejarah aYOPDYOGta aCB-D.11/2017-1826 a58969-PD/A.18 aCB-D.11/2017-1826 aCB-D.11/2017-1826 a58969-PD/A.18